Himnos del breviario romano

Збережено в:
Бібліографічні деталі
Автор: Bernárdez, Francisco Luis (Автор)
Формат: Книга
Мова:Іспанська
Опубліковано: Buenos Aires Losada 1952
Серія:Biblioteca contemporánea
Предмети:
Теги: Додати тег
Немає тегів, Будьте першим, хто поставить тег для цього запису!

MARC

LEADER 00000nam a2200000 a 4500
001 UCH6978
003 CL-VaPUC
008 091109e19520000AG |||||||||||||||||spa|d
082 0 4 |a Ar861  |b BER  |2 21 
100 |a Bernárdez, Francisco Luis  |e author  |9 543500 
245 1 0 |a Himnos del breviario romano 
300 |a 173 p 
942 |c BK 
945 |d 20091109 00:00:00  |a lazolas 
260 |a Buenos Aires  |b Losada  |c 1952 
650 0 |a Poesía argentina  |9 265575 
583 |a last modification  |c 20091109 00:00:00  |k Rodrigo Vera 
490 0 |a Biblioteca contemporánea 
999 |c 337756  |d 337754